| 000 | 01247aam a2200409 4500 | ||
|---|---|---|---|
| 005 | 20241011131912.0 | ||
| 008 | 150302b xxu||||| |||| 00| 0 ES d | ||
| 041 | _aSPA | ||
| 082 | _a658.3 B697d2 | ||
| 100 |
_aBonache, Jaime _918092 |
||
| 100 |
_aCabrera, Angel _918093 |
||
| 245 | _aDirección de personas | ||
| 250 | _a2 edición | ||
| 260 |
_aEspaña _bPearson Educación _c2006 |
||
| 300 | _a547 páginas | ||
| 650 | _aADMINISTRACIÓN DE PERSONAL | ||
| 650 | _aRECURSOS HUMANOS | ||
| 650 | _aLIDERAZGO | ||
| 650 | _aPERSPECTIVAS ECONOMICA, PSICOLOGICA Y SOCIOLOGICA | ||
| 650 | _aEVALUACIÓN DEL DESEMPEÑO | ||
| 650 | _aRECURSOS HUMANOS EN EL SIGLO XXI | ||
| 650 | _aRECLUTAMIENTO Y SELECCIÓN | ||
| 650 | _aEVALUACIÓN DEL PERSONAL | ||
| 650 | _aFORMACIÓN DEL PERSONAL | ||
| 650 | _aCAPACITACIÓN | ||
| 650 | _aRELACIONES CON LOS SINDICATOS | ||
| 650 | _aRETRIBUCIÓN | ||
| 650 | _aLAS EMPRESAS DE TRABAJO TEMPORAL | ||
| 650 | _aEQUILIBRIO ENTRE TRABAJO Y FAMILIA | ||
| 650 | _aEVALUACIÓN DE LA GESTIÓN DE RECURSOS HUMANOS | ||
| 650 | _aSINDICATOS | ||
| 650 | _aRUPTURA LABORAL | ||
| 650 | _aTRABAJO TEMPORAL | ||
| 650 | _aDIVERSIDAD EN LAS ORGANIZACIONES | ||
| 650 | _aINNOVACIÓN | ||
| 942 | _cBK | ||
| 999 |
_c2103 _d2103 |
||